Marvel Comics: Members of the Secret Empire's Underground by Picture - Statistics

General Stats
  • This quiz has been taken 22 times
  • The average score is 28 of 41
Answer Stats
Picture Answer % Correct
Ant-Man
100%
Captain America
100%
Hawkeye
100%
Hercules
100%
Quicksilver
100%
Shang-Chi
100%
Spider-Man
100%
The Thing
100%
U.S.Agent
100%
Wasp
100%
Wonder Man
100%
Black Widow
93%
Falcon
93%
Giant-Man
93%
Ironheart
93%
Rescue
93%
Stingray
93%
Tigra
93%
Tony Stark AI
93%
Misty Knight
87%
Mockingbird
87%
Viv
87%
Brawn
73%
Battlestar
67%
Patriot
67%
Tarantula
53%
Puma
47%
Texas Twister
47%
Cloud 9
40%
Red Wolf
40%
Barf
33%
Iso
27%
Naja
27%
Nico "Wheels" Woliński
27%
Blue Shield
20%
Challenger
20%
Frank Fireheart
20%
Silas Fireheart
20%
Tatyana
20%
Toro
13%
Tilda Johnson
7%
No matching quizzes found
Score Distribution
Percent of People with Each Score
Percentile by Number Answered
Your Score History
You have not taken this quiz